| 000 | 00791nam a2200217 i 4500 | ||
|---|---|---|---|
| 001 | 19654 | ||
| 003 | ES-MaACL | ||
| 005 | 20230906152136.0 | ||
| 007 | t| | ||
| 008 | 021007q1954 sp ||||1| spa d | ||
| 100 | 0 |
_aAbelló, José _918076 |
|
| 245 | 1 | 4 |
_aLos antibióticos en el tratamiento de la tuberculosis / _cJosé Abelló Pascual. |
| 260 |
_a[Madrid : Compañía Española de Penicilina, _c1954] |
||
| 300 |
_a12 h. : _bil. ; _c24 cm. |
||
| 594 | _aPrecede al tít.: Escuela Nacional de Tisiologia. | ||
| 595 | _aSeparata: XIII Conferencia de la Unión Internacional contra la Tuberculosis, p. 183-821. | ||
| 650 | 4 |
_aTuberculosis- _xTratamiento. _9151845 |
|
| 710 | 2 |
_aEscuela Nacional de Tisiología (España) _93579 |
|
| 852 | 4 |
_aES-MaACL _j1985-F-15 |
|
| 999 |
_c19654 _d19654 |
||